Gobernanza y gerencia del desarrollo sostenible / (Registro nro. 50290)

Detalles MARC
000 -LEADER
fixed length control field 02131cam a2200301 a 4500
005 - DATE AND TIME OF LATEST TRANSACTION
control field 20260205172509.0
008 - FIXED-LENGTH DATA ELEMENTS--GENERAL INFORMATION
fixed length control field 181130s2018 ck b gr 000 0dspa
015 ## - NATIONAL BIBLIOGRAPHY NUMBER
National bibliography number ck-2018-xxxx
020 ## - INTERNATIONAL STANDARD BOOK NUMBER
International Standard Book Number 978-958-774-748-5
040 ## - CATALOGING SOURCE
Original cataloging agency CO-CtgCURN
Language of cataloging spa
Transcribing agency coctgcurn
082 04 - DEWEY DECIMAL CLASSIFICATION NUMBER
Classification number 658.4083
Item number R696
Edition information 23
245 00 - TITLE STATEMENT
Title Gobernanza y gerencia del desarrollo sostenible /
Statement of responsibility, etc. Manuel Rodríguez Becerra y María Alejandra Vélez (edición académica y compilación).
250 ## - EDITION STATEMENT
Edition statement pirmera edición.
260 ## - PUBLICATION, DISTRIBUTION, ETC.
Place of publication, distribution, etc. Bogotá :
Name of publisher, distributor, etc. Universidad de los Andes,
Date of publication, distribution, etc. 2018.
300 ## - PHYSICAL DESCRIPTION
Extent xxii, 556 páginas. :
Other physical details mapas byn ;
Dimensions 23 cm.
500 ## - GENERAL NOTE
General note Incluye datos biográficos de los editores.
504 ## - BIBLIOGRAPHY, ETC. NOTE
Bibliography, etc. note Incluye referencias bibliográficas al final de cada capítulo.
520 8# - SUMMARY, ETC.
Summary, etc. "La concepción del desarrollo sostenible se origina a raíz de la crisis social y ambiental del modelo económico basado exclusivamente en la idea de crecimiento. De hecho, se podra afirmar que el concepto mismo surge como respuesta a las consecuencias sociales y ambientales del crecimiento exponencial de la población y de la economía, que se vienen dando desde principios de la década de 1950 (Sachs, 2015). La posguerra produjo la Gran Aceleración que, según Steffen y colaboradores (2015), se caracterizó por un crecimiento poblacional y económico sin precedentes, que se dio tanto en las economías de mercado (Europa Occidental, Estados Unidos y una parte de los países en desarrollo), como en las economías centralmente planificadas (en particular en la Unión Soviética y los países de Europa Oriental)"
596 ## -
-- 7
650 14 - SUBJECT ADDED ENTRY--TOPICAL TERM
Topical term or geographic name entry element Responsabilidad por el medio ambiente
General subdivision Administración.
650 24 - SUBJECT ADDED ENTRY--TOPICAL TERM
Topical term or geographic name entry element Responsabilidad social de los negocios.
650 24 - SUBJECT ADDED ENTRY--TOPICAL TERM
Topical term or geographic name entry element Desarrollo sostenible.
700 1# - ADDED ENTRY--PERSONAL NAME
Personal name Rodríguez Becerra, Manuel,
Relator term editor.
Relationship ed
700 1# - ADDED ENTRY--PERSONAL NAME
Personal name Vélez, María Alejandra,
Relator term editor.
Relationship ed
856 7# - ELECTRONIC LOCATION AND ACCESS
Uniform Resource Identifier <a href="https://unicurn.sharepoint.com/:b:/s/biblioteca/IQAASvJgI6GMR6qLIeWlU0_dAbrOl7UW8Qv8U6x95UCSU9c?e=uC0Bmc">https://unicurn.sharepoint.com/:b:/s/biblioteca/IQAASvJgI6GMR6qLIeWlU0_dAbrOl7UW8Qv8U6x95UCSU9c?e=uC0Bmc</a>
Access method Clic aqui para ver el texto completo
942 ## - ADDED ENTRY ELEMENTS (KOHA)
Koha item type Libros
Classification part 658.4083
Item part R696
Existencias
Withdrawn status Lost status Damaged status Not for loan Collection Home library Current library Shelving location Date acquired Inventory number Total checkouts Full call number Barcode Date last seen Price effective from Koha item type Public note
        General Miguel Henríquez Castañeda Miguel Henríquez Castañeda General 02/05/2026 025741   658.4083 R696 025741 02/05/2026 02/05/2026 Libros 650-ADMINIS
        General Miguel Henríquez Emiliani Miguel Henríquez Emiliani General 02/05/2026 025742   658.4083 R696 025742 02/05/2026 02/05/2026 Libros 650-ADMINIS